Plan de manejo participativo del páramo del sector El Toldo de la comunidad campesina de Samanga, Ayabaca, Piura (Registro nro. 18788)

Detalles MARC
000 -CABECERA
Campo de control 00810nam a22002177a 4500
005 - FECHA Y HORA DE LA ULTIMA TRANSACCION
Campo de control 20191224042301.0
008 - ELEMENTOS DE LONGITUD FIJA—INFORMACION GENERAL
Campo de control 150205b2010 pe |||||r|||| 00| 0 spa d
040 ## - FUENTE DE CATALOGACIÓN
Agencia catalogadora original CO-BoIAVH
Agencia transcriptora CO-BoIAVH
041 ## - IDIOMA
Código de idioma para texto/pista de sonido o título separado Español
044 ## - PAÍS DE PUBLICACIÓN
País de publicación Perú
082 04 - NUMERO DE CLASIFICACION DECIMAL DEWEY
Número de clasificación 577.38
Número del ítem E77p2
245 00 - MENCION DE TITULO
Título Plan de manejo participativo del páramo del sector El Toldo de la comunidad campesina de Samanga, Ayabaca, Piura
260 ## - PUBLICACION, DISTRIBUCION, ETC. (PIE DE IMPRENTA)
Lugar de publicación, distribución, etc. Lima:
Nombre del editor, distribuidor, etc. Instituto de Montaña NCI,
Fecha de publicación, distribución, etc. 2010.
300 ## - DESCRIPCION FISICA
Extensión 45 páginas.
Dimensiones 20 cm.
505 ## - NOTA DE CONTENIDO
Nota de contenido Plan de manejo participativo -- conceptos, visión, diagnóstico, metas, estrategias.<br/>Zonificación
650 #6 - ASIENTO SECUNDARIO DE MATERIA - TERMINO TEMATICO
Término temático o nombre geográfico como elemento de entrada Manejo participativo
9 (RLIN) 16237
650 #6 - ASIENTO SECUNDARIO DE MATERIA - TERMINO TEMATICO
Término temático o nombre geográfico como elemento de entrada Páramos
Subdivisión geográfica Perú
9 (RLIN) 71643
650 #6 - ASIENTO SECUNDARIO DE MATERIA - TERMINO TEMATICO
Término temático o nombre geográfico como elemento de entrada Comunidades campesinas
9 (RLIN) 4474
651 ## - ASIENTO SECUNDARIO DE MATERIA - NOMBRE GEOGRAFICO
Nombre geográfico Perú
Subdivisión geográfica El Toldo.
-- Samanga.
-- Ayabaca.
-- Piura.
9 (RLIN) 71645
942 ## - ELEMENTOS ADICIONALES (KOHA)
Sistema de clasificación Dewey Decimal Classification
Tipo de ítem Libro
Existencias
Withdrawn status Lost status Sistema de Clasificación Damaged status No para préstamo Colección Inventariado Ubicación Permanente Ubicación actual Fecha de adquisición Fuente de Valor Valor Total Checkouts Número topográfico Inventario / Código de Barras Date last seen Ejemplar Price effective from Forma de adquisición Tipo de material
    Dewey Decimal Classification     General Inventariado 2017 Bogotá Bogotá 10/06/2016 Instituto 39000.00   LB-577.38 E77p2 042327 10/06/2016 Ej. 1 10/06/2016 Donación Libro